Planning, implementation, and analysis of a program development project in elementary physical education /

Bibliographic Details
Main Author: Schwager, Susan M.
Format: Thesis Microform Book
Language:English
Published: [Place of publication not identified] : [publisher not identified] ; 1983.
Subjects:

MARC

Tag First Indicator Second Indicator Subfields
LEADER 00000cam a2200000 a 4500
001 in00000026762
005 20151007054534.0
007 he bmb|||||||
008 850703r19851983orua bb 00010 eng d
035 |a (OCoLC)12229932 
035 |9 AAB5422AM 
040 |a ORU  |c IWU  |d HPE  |d TXA  |d UtOrBLW 
049 |a TXAI 
099 |a fiche  |a C  |a 8447 
100 1 |a Schwager, Susan M. 
245 1 0 |a Planning, implementation, and analysis of a program development project in elementary physical education /  |c by Susan M. Schwager. 
264 1 |a [Place of publication not identified] :  |b [publisher not identified] ;  |c 1983. 
300 |a x, 291 leaves :  |b illustrations 
336 |a text  |b txt  |2 rdacontent 
337 |a microform  |b h  |2 rdamedia 
338 |a microfiche  |b he  |2 rdacarrier 
502 |b Ed. D  |c Columbia University  |d 1983. 
504 |a Bibliography: leaves 176-181. 
533 |a Microfiche.  |b Eugene :  |c Microform Publications, College of Human Development and Performance, University of Oregon,  |d 1985.  |e 4 microfiches : negative ; 11 x 15 cm. 
500 |a Microform. 
650 0 |a Physical education for children  |x Curricula. 
650 0 |a Competency-based education. 
650 0 |a Physical education teachers  |x In-service training. 
999 |a MARS 
999 f f |s 6f0fff5f-12ca-3c74-b6f9-7f92e1b5dec2  |i 0ab7d8a2-540f-3f53-bef5-503026fa2198  |t 0 
952 f f |p normal  |a Texas A&M University  |b College Station  |c Sterling C. Evans Library  |d Evans: Microforms (3rd floor)  |t 0  |e fiche C 8447  |h Other scheme  |i microform -- microfiche  |m A14822821186 
998 f f |a fiche C 8447  |t 0  |l Evans: Microforms (3rd floor)